<?xml version="1.0" encoding="UTF-8"?>
<collection xmlns="http://www.loc.gov/MARC21/slim">
 <record>
  <leader>02182nam a22002537a 4500</leader>
  <controlfield tag="001">NCT_61735</controlfield>
  <controlfield tag="008">190311b        xxu||||| |||| 00| 0 vie d</controlfield>
  <datafield tag="999" ind1=" " ind2=" ">
   <subfield code="c">2989</subfield>
   <subfield code="d">2989</subfield>
  </datafield>
  <datafield tag="020" ind1=" " ind2=" ">
   <subfield code="a">9786046232728</subfield>
   <subfield code="c">200000</subfield>
  </datafield>
  <datafield tag="082" ind1="0" ind2="4">
   <subfield code="2">23rd ed.</subfield>
   <subfield code="a">658.4</subfield>
   <subfield code="b">Q502</subfield>
  </datafield>
  <datafield tag="100" ind1="1" ind2=" ">
   <subfield code="a">Lê Quân</subfield>
  </datafield>
  <datafield tag="245" ind1="1" ind2="0">
   <subfield code="a">Lãnh đạo doanh nghiệp Việt Nam</subfield>
   <subfield code="b">(Sách chuyên khảo)</subfield>
   <subfield code="c">Lê Quân</subfield>
  </datafield>
  <datafield tag="250" ind1=" " ind2=" ">
   <subfield code="a">Tái bản lần thứ 1</subfield>
  </datafield>
  <datafield tag="260" ind1=" " ind2=" ">
   <subfield code="a">H.</subfield>
   <subfield code="b">Đại học Quốc gia Hà Nội</subfield>
   <subfield code="c">2015</subfield>
  </datafield>
  <datafield tag="300" ind1=" " ind2=" ">
   <subfield code="a">423 tr.</subfield>
   <subfield code="b">Minh họa</subfield>
   <subfield code="c">24cm</subfield>
  </datafield>
  <datafield tag="520" ind1="3" ind2=" ">
   <subfield code="a">Cuốn sách đề cập đến một số vấn đề về tư duy, tầm nhìn, kỹ năng lãnh đạo điều hành, và hướng tới xây dựng nhà lãnh đạo có đủ tâm, tầm, tài. Các kết quả khảo sát lãnh đạo doanh nghiệp Việt Nam chỉ ra những điểm mạnh, điểm yếu quan trọng của lãnh đạo liên quan nhiều đến nghệ thuật lãnh đạo, quy tụ, dẫn dắt, huấn luyện và đào tạo cấp dưới. Với các vị trí lãnh đạo cấp cao, năng lực chuyên môn kỹ thuật không đóng vai trò quan trọng so với các năng lực lãnh đạo, điều hành.</subfield>
  </datafield>
  <datafield tag="653" ind1=" " ind2=" ">
   <subfield code="a">Quản trị kinh doanh</subfield>
  </datafield>
  <datafield tag="942" ind1=" " ind2=" ">
   <subfield code="2">ddc</subfield>
   <subfield code="c">BK</subfield>
  </datafield>
  <datafield tag="952" ind1=" " ind2=" ">
   <subfield code="0">0</subfield>
   <subfield code="1">0</subfield>
   <subfield code="2">ddc</subfield>
   <subfield code="4">0</subfield>
   <subfield code="6">658_400000000000000_Q502</subfield>
   <subfield code="7">0</subfield>
   <subfield code="9">16207</subfield>
   <subfield code="a">000001</subfield>
   <subfield code="b">000001</subfield>
   <subfield code="d">2019-03-11</subfield>
   <subfield code="l">1</subfield>
   <subfield code="o">658.4 Q502</subfield>
   <subfield code="p">MD.14880</subfield>
   <subfield code="r">2019-05-10</subfield>
   <subfield code="s">2019-04-26</subfield>
   <subfield code="v">200000.00</subfield>
   <subfield code="w">2019-03-11</subfield>
   <subfield code="y">BK</subfield>
  </datafield>
  <datafield tag="952" ind1=" " ind2=" ">
   <subfield code="0">0</subfield>
   <subfield code="1">0</subfield>
   <subfield code="2">ddc</subfield>
   <subfield code="4">0</subfield>
   <subfield code="6">658_400000000000000_Q502</subfield>
   <subfield code="7">0</subfield>
   <subfield code="9">16208</subfield>
   <subfield code="a">000001</subfield>
   <subfield code="b">000001</subfield>
   <subfield code="d">2019-03-11</subfield>
   <subfield code="o">658.4 Q502</subfield>
   <subfield code="p">MD.14881</subfield>
   <subfield code="r">2019-03-11</subfield>
   <subfield code="v">200000.00</subfield>
   <subfield code="w">2019-03-11</subfield>
   <subfield code="y">BK</subfield>
  </datafield>
  <datafield tag="952" ind1=" " ind2=" ">
   <subfield code="0">0</subfield>
   <subfield code="1">0</subfield>
   <subfield code="2">ddc</subfield>
   <subfield code="4">0</subfield>
   <subfield code="6">658_400000000000000_Q502</subfield>
   <subfield code="7">0</subfield>
   <subfield code="9">16209</subfield>
   <subfield code="a">000001</subfield>
   <subfield code="b">000001</subfield>
   <subfield code="d">2019-03-11</subfield>
   <subfield code="o">658.4 Q502</subfield>
   <subfield code="p">MD.14882</subfield>
   <subfield code="r">2019-03-11</subfield>
   <subfield code="v">200000.00</subfield>
   <subfield code="w">2019-03-11</subfield>
   <subfield code="y">BK</subfield>
  </datafield>
  <datafield tag="952" ind1=" " ind2=" ">
   <subfield code="0">0</subfield>
   <subfield code="1">0</subfield>
   <subfield code="2">ddc</subfield>
   <subfield code="4">0</subfield>
   <subfield code="6">658_400000000000000_Q502</subfield>
   <subfield code="7">0</subfield>
   <subfield code="9">16210</subfield>
   <subfield code="a">000001</subfield>
   <subfield code="b">000001</subfield>
   <subfield code="d">2019-03-11</subfield>
   <subfield code="o">658.4 Q502</subfield>
   <subfield code="p">MD.14883</subfield>
   <subfield code="r">2019-03-11</subfield>
   <subfield code="v">200000.00</subfield>
   <subfield code="w">2019-03-11</subfield>
   <subfield code="y">BK</subfield>
  </datafield>
  <datafield tag="952" ind1=" " ind2=" ">
   <subfield code="0">0</subfield>
   <subfield code="1">0</subfield>
   <subfield code="2">ddc</subfield>
   <subfield code="4">0</subfield>
   <subfield code="6">658_400000000000000_Q502</subfield>
   <subfield code="7">0</subfield>
   <subfield code="9">16211</subfield>
   <subfield code="a">000001</subfield>
   <subfield code="b">000001</subfield>
   <subfield code="d">2019-03-11</subfield>
   <subfield code="o">658.4 Q502</subfield>
   <subfield code="p">MD.14884</subfield>
   <subfield code="r">2019-03-11</subfield>
   <subfield code="v">200000.00</subfield>
   <subfield code="w">2019-03-11</subfield>
   <subfield code="y">BK</subfield>
  </datafield>
  <datafield tag="980" ind1=" " ind2=" ">
   <subfield code="a">Thư viện Trường Đại học Nam Cần Thơ</subfield>
  </datafield>
 </record>
</collection>
